Представление документа в формате MARC21

ПолеНазваниеЗначение
  Тип записи a
  Библиографический уровень m
001 Контрольный номер RU\infra-m\znanium\bibl\2198423
005 Дата корректировки 20260429142119.9
008 Кодируемые данные 250805s2025 RU g rus u
020 Индекс ISBN __
a ISBN 978-5-394-06142-4
040 Источник каталогиз. __
a Служба первич. каталог. Общество с ограниченной ответственностью «ЗНАНИУМ»
041 Код языка издания __
a Код языка текста rus
044 Код страны публикации __
a Код страны публикации RU
080 Индекс УДК __
a Индекс УДК 528
084 Индекс другой классификации/Индекс ББК __
2 Источник индекса rubbk
a Индекс другой классификации/Индекс ББК 261
084 Индекс другой классификации/Индекс ББК __
2 Источник индекса okso
a Индекс другой классификации/Индекс ББК 05.03.02
084 Индекс другой классификации/Индекс ББК __
2 Источник индекса okso
a Индекс другой классификации/Индекс ББК 05.03.06
084 Индекс другой классификации/Индекс ББК __
2 Источник индекса okso
a Индекс другой классификации/Индекс ББК 05.04.02
084 Индекс другой классификации/Индекс ББК __
2 Источник индекса okso
a Индекс другой классификации/Индекс ББК 05.04.06
084 Индекс другой классификации/Индекс ББК __
2 Источник индекса okso
a Индекс другой классификации/Индекс ББК 06.03.02
084 Индекс другой классификации/Индекс ББК __
2 Источник индекса okso
a Индекс другой классификации/Индекс ББК 06.04.02
084 Индекс другой классификации/Индекс ББК __
2 Источник индекса okso
a Индекс другой классификации/Индекс ББК 35.03.03
084 Индекс другой классификации/Индекс ББК __
2 Источник индекса okso
a Индекс другой классификации/Индекс ББК 35.04.03
100 Автор __
a Автор Балабко П.Н.
q Полное имя Балабко Петр Николаевич
u Дополнение Московский государственный университет им. М.В. Ломоносова
245 Заглавие __
a Заглавие Аэрокосмический и почвенно-экологический мониторинг педосферы Земли (на примере Российской Федерации и некоторых сопредельных территорий)
b Продолж. заглавия Монография
c Ответственность Московский государственный университет им. М.В. Ломоносова; Московский государственный университет им. М.В. Ломоносова
250 Сведения об издании __
a Основные сведения об издании 1
260 Выходные данные __
a Место издания Москва
b Издательство Издательско-торговая корпорация "Дашков и К"
c Дата издания 2024
300 Физическое описание __
a Объем 276 с.
520 Аннотация __
a Аннотация В монографии обобщены литературные материалы и данные авторов по особенностям мониторинга педосферы Земли. Показано что существующие данные дистанционного зондирования Земли используются как для топографического так и для тематического картографирования. Приводятся примеры аэрокосмического и почвенно-экологического мониторинга педосферы Земли показаны различные виды изменения почвенного покрова в результате мощного антропогенного воздействия на экосистемы педосферы. Показано становление авиамониторинга в сельском хозяйстве а также космический мониторинг в современном агроменеджменте. Отмечено что совершенствующиеся спутниковые системы и БПЛА являются прорывным и основополагающим фактором позволяющим кратно увеличить возможности аграрного сектора. Работа предназначена для экологов географов почвоведов агрономов и специалистов по оценке земель.
521 Примеч. о цел. назн. __
a Примеч. о целев. назн. ВО - Специалитет
650 Тематические рубрики __
a Основная рубрика Науки о Земле. Экология
x Основная подрубрика Картография. Картоведение
655 Указ. предметных рубрик (устаревшее) __
a Жанр/ форма (устаревшее) Монография
700 Другие авторы __
a Другие авторы Хуснетдинова Т.И.
q Полное имя Хуснетдинова Тамара Ивановна
u Дополнение Московский государственный университет им. М.В. Ломоносова
700 Другие авторы __
a Другие авторы Метечко Л.Б.
q Полное имя Метечко Людмила Борисовна
u Дополнение Московский авиационный институт (национальный исследовательский университет)
700 Другие авторы __
a Другие авторы Сорокин А.Е.
q Полное имя Сорокин Андрей Евгениевич
u Дополнение Московский государственный университет им. М.В. Ломоносова
856 Электронный адрес документа 4_
a Имя сервера/домена znanium.ru
m Помощь ebs_support@infra-m.ru
n Местонахождение сервера НИЦ ИНФРА-М
u URL https://znanium.ru/catalog/document?id=461374
856 Электронный адрес документа 48
a Имя сервера/домена znanium.ru
d Путь /cover/2198
f Электронное имя 2198423.jpg
q Тип электронного формата image/jpeg
u URL https://znanium.ru/cover/2198/2198423.jpg
911 __
u 0030=https://znanium.ru/catalog/document?id=461374
911 __
u 712a=Московский государственный университет им. М.В. Ломоносова